| 000 | 00334nam a22001337a 4500 | ||
|---|---|---|---|
| 020 | _a9781439815243 | ||
| 082 | _a664 CHO/EM | ||
| 100 | _aCHO,Yong-Jin | ||
| 100 | _aKang,Sukwon | ||
| 245 | _aEmerging Technologies for food quality and food safety evaluatuon | ||
| 260 |
_aBoca Raton _bCRC Press _c2011 |
||
| 300 | _a346 | ||
| 942 | _cBK | ||
| 999 |
_c13853 _d13853 |
||